LEADER 01098nam a2200229 i 4500 001 000000061191 003 CaOOAMICUS 005 20140613000000.0 008 140613s1968 xx u000 u ger u 013 $a32363 040 $aSeMil$bita 100 1 $aFrickel, Josef .$0(OLS)http://semarc/name/31109 245 14$aDie "Apophasis Megale" in Hippolyt's refutatio (6. 9-18) :$beine paraphrase zur Apophasis Simons /$cJosef Frickel. 260 $aRoma :$bPontificium Institutum Orientalium Studiorum,$c1968. 300 $a218 p. ;$c24 cm. 490 0 $aOrientalia Christiana Analecta ;$v182 650 4$aChiese Orientali.$0(OLS)http://semarc/subject/2275 830 0$aOrientalia Christiana Analecta ;$v182.$0(OLS)http://semarc/title/100 850 $aSeMil 852 $aSeMil$W1$xVenegono$y1$m2K IV 219$j27344$B27344$CSeMilBibl$Z2$F27347 $81 996 $6245$aDie "Apophasis Megale" in Hippolyt's refutatio (6. 9-18) :$beine paraphrase zur Apophasis Simons$9(OLS)http://semarc/title/96099 996 $6260$aRoma :$bPontificium Institutum Orientalium Studiorum$9(OLS)http://semarc/publisher/29660 LEADER 00478nab a2200145 i 4500 001 000000284221 003 CaOOAMICUS 005 20180831165251.0 008 180831n xx uu u0 0und r 013 $a37499 040 $aSeMil$bita 245 13$aIl servo di YHWH. 500 $aSuppl. al n. 5, gennaio 2005. 773 0 $tArte e fede. Gli occhi fissi su Gesł. Voi, chi dite che io sia? 2. Anno.$dBologna : EDB, 2005.$w()238808 996 $6245$aIl servo di YHWH$9(OLS)http://semarc/title/365577